| 000 | 00403nam a2200145 a 4500 | ||
|---|---|---|---|
| 001 | 000029066 | ||
| 005 | 20200930055317.0 | ||
| 008 | 110413s1983 dr 000 0 spa d | ||
| 040 |
_aDO-SdBNP _bspa _cBNPHU |
||
| 100 | 1 |
_aSerra, Nidia _929116 |
|
| 245 | 1 | 0 |
_aDuarte visto por los niƱos / _cNidia Serra. |
| 260 |
_aSanto Domingo : _bBanco de Reservas, _c1983. |
||
| 300 |
_a8 p. ; _c28 cm. |
||
| 049 | _aBNPD | ||
| 999 |
_c28558 _d28558 |
||